000 00380nam a2200121Ia 4500
008 220615s9999||||xx |||||||||||||| ||und||
245 0 _aAdvances in Modeling of Fluid Dynamics
546 _aEnglish[eng]
650 _aComputer modelling & simulation
700 _aLiu, Chaoqun
856 _uhttps://mts.intechopen.com/storage/books/2830/authors_book/authors_book.pdf
942 _cEB
999 _c18937
_d18937